The nature and properties of soils / (Record no. 7473)

MARC details
000 -LEADER
fixed length control field 01174pam a2200313 a 4500
001 - CONTROL NUMBER
control field 725127
003 - CONTROL NUMBER IDENTIFIER
control field OSt
005 - DATE AND TIME OF LATEST TRANSACTION
control field 20211115101737.0
008 - FIXED-LENGTH DATA ELEMENTS--GENERAL INFORMATION
fixed length control field 980218s1998 njuab b 001 0 eng
010 ## - LIBRARY OF CONGRESS CONTROL NUMBER
LC control number 98013008
020 ## - INTERNATIONAL STANDARD BOOK NUMBER
International Standard Book Number 0138524440 (hardcover)
040 ## - CATALOGING SOURCE
Original cataloging agency DLC
Transcribing agency DLC
Modifying agency DLC
050 00 - LIBRARY OF CONGRESS CALL NUMBER
Classification number S591
Item number .B79 1999
082 00 - DEWEY DECIMAL CLASSIFICATION NUMBER
Classification number 550.BRA 1984
Edition number 21
100 1# - MAIN ENTRY--PERSONAL NAME
Personal name Brady, Nyle C.
9 (RLIN) 15309
245 14 - TITLE STATEMENT
Title The nature and properties of soils /
Statement of responsibility, etc. Nyle C. Brady;
250 ## - EDITION STATEMENT
Edition statement 9th
260 ## - PUBLICATION, DISTRIBUTION, ETC. (IMPRINT)
Place of publication, distribution, etc. New York.
Name of publisher, distributor, etc. macmillan Publishing Company,
Date of publication, distribution, etc. 1984
300 ## - PHYSICAL DESCRIPTION
Extent xvii, 750 p. :
Other physical details ill. (some col.), maps (some col.) ;
Dimensions 29 cm.
500 ## - GENERAL NOTE
General note Colored map of Global soil regions on end papers.
500 ## - GENERAL NOTE
General note Colored maps of Global Distribution of Acid Soils and Global Desertification Vulnerability on back end papers.
504 ## - BIBLIOGRAPHY, ETC. NOTE
Bibliography, etc Includes bibliographical references and index.
650 #0 - SUBJECT ADDED ENTRY--TOPICAL TERM
Topical term or geographic name as entry element Soil science.
9 (RLIN) 15310
650 #0 - SUBJECT ADDED ENTRY--TOPICAL TERM
Topical term or geographic name as entry element Soils.
9 (RLIN) 15311
700 1# - ADDED ENTRY--PERSONAL NAME
Personal name Weil, Ray R.
9 (RLIN) 15312
906 ## - LOCAL DATA ELEMENT F, LDF (RLIN)
a 7
b cbc
c orignew
d 1
e ocip
f 19
g y-gencatlg
942 ## - ADDED ENTRY ELEMENTS (KOHA)
Source of classification or shelving scheme Dewey Decimal Classification
Koha item type Open Shelf
Holdings
Withdrawn status Lost status Source of classification or shelving scheme Damaged status Not for loan Home library Current library Date acquired Source of acquisition Inventory number Total Checkouts Full call number Barcode Date last seen Price effective from Koha item type
    Dewey Decimal Classification     MUST Main Library MUST Main Library 15/11/2021 Donation 97/11319   550.BRA 1984 2021-1679 15/11/2021 15/11/2021 Open Shelf